000
00298nam a22001337a 4500
003
SGT
082
_a
610
_b
C68R
100
_a
Romanes, G. J.
245
_a
Cunningham's Manual of Practical Anatomy
250
_a
13th Ed.
260
_b
Oxford Univ. Press
_c
1968
300
_a
271
942
_2
ddc
_c
RARE
999
_c
33147
_d
33147